书目信息 |
| 题名: |
让妈妈不再有“受难日”
|
|
| 作者: | 徐铭军, , 孙天宇 主编 | |
| 分册: | ||
| 出版信息: | 北京 人民卫生出版社 2016.11 |
|
| 页数: | 22, 194页 | |
| 开本: | 24cm | |
| 丛书名: | ||
| 单 册: | ||
| 中图分类: | R714.3 | |
| 科图分类: | ||
| 主题词: | 分娩--fen mian--基本知识 | |
| 电子资源: | ||
| ISBN: | 978-7-117-22375-1 | |
| 000 | 01109nam0 2200265 450 | |
| 001 | 2327715063 | |
| 005 | 20231127074207.51 | |
| 010 | @a978-7-117-22375-1@dCNY49.00 | |
| 100 | @a20170215d2016 em y0chiy50 ea | |
| 101 | 0 | @achi |
| 102 | @aCN@b110000 | |
| 105 | @aa z 000yy | |
| 200 | 1 | @a让妈妈不再有“受难日”@Arang ma ma bu zai you “ shou nan ri ”@e与准妈妈聊无痛分娩@f主编徐铭军, 孙天宇 |
| 210 | @a北京@c人民卫生出版社@d2016.11 | |
| 215 | @a22, 194页@c彩图@d24cm | |
| 300 | @a北京市科学技术委员会科普专项资助 | |
| 314 | @a徐铭军, 男, 硕士生导师, 副教授, 主任医师等字。孙天宇, 硕士研究生, 黑龙江省大庆油田总医院麻醉科主治医师。 | |
| 330 | @a本书从孕期准备到分娩解读、从产痛的性质到镇痛的方法、从无痛分娩发展史到具体操作流程、从家属疑问到分娩经验分享, 全方位地帮助准妈妈、准爸爸深入了解无痛分娩的相关知识。 | |
| 517 | 1 | @a与准妈妈聊无痛分娩@Ayu zhun ma ma liao wu tong fen mian |
| 606 | 0 | @a分娩@Afen mian@x基本知识 |
| 690 | @aR714.3@v5 | |
| 701 | 0 | @a徐铭军,@Axu ming jun@f1965-@4主编 |
| 701 | 0 | @a孙天宇@Asun tian yu@4主编 |
| 801 | 0 | @aCN@b人天书店@c20170215 |
| 905 | @aBZT@dR714.3@e5 | |
| 让妈妈不再有“受难日”:与准妈妈聊无痛分娩/主编徐铭军, 孙天宇.-北京:人民卫生出版社,2016.11 |
| 22, 194页:彩图;24cm |
| 北京市科学技术委员会科普专项资助 |
| ISBN 978-7-117-22375-1:CNY49.00 |
| 本书从孕期准备到分娩解读、从产痛的性质到镇痛的方法、从无痛分娩发展史到具体操作流程、从家属疑问到分娩经验分享, 全方位地帮助准妈妈、准爸爸深入了解无痛分娩的相关知识。 |
| ● |
| 相关链接 |
|
|
|
正题名:让妈妈不再有"受难日"
索取号:R714.3/5
 
预约/预借
| 序号 | 登录号 | 条形码 | 馆藏地/架位号 | 状态 | 备注 |
| 1 | 2001098844 | 2001098844 | 东辅楼二楼书库/ [索取号:R714.3/5] | 在馆 | |
| 2 | 2001098845 | 2001098845 | 东辅楼二楼书库/ [索取号:R714.3/5] | 在馆 | |
| 3 | 2001098846 | 2001098846 | 东辅楼二楼书库/ [索取号:R714.3/5] | 在馆 | |
| 4 | 2001098847 | 2001098847 | 东辅楼二楼书库/ [索取号:R714.3/5] | 在馆 | |
| 5 | 2001098848 | 2001098848 | 东辅楼二楼书库/ [索取号:R714.3/5] | 在馆 | |
| 6 | 2001098849 | 2001098849 | 东辅楼二楼书库/ [索取号:R714.3/5] | 在馆 | |
| 7 | 2001098850 | 2001098850 | 东辅楼二楼书库/ [索取号:R714.3/5] | 在馆 | |
| 8 | 2001098851 | 2001098851 | 东辅楼二楼书库/ [索取号:R714.3/5] | 在馆 | |
| 9 | 2001098852 | 2001098852 | 东辅楼二楼书库/ [索取号:R714.3/5] | 在馆 | |
| 10 | 2001098853 | 2001098853 | 东辅楼二楼书库/ [索取号:R714.3/5] | 在馆 | |
| 11 | 2001098854 | 2001098854 | 东辅楼二楼书库/ [索取号:R714.3/5] | 在馆 | |
| 12 | 2001098855 | 2001098855 | 东辅楼二楼书库/ [索取号:R714.3/5] | 在馆 | |
| 13 | 2001098856 | 2001098856 | 东辅楼二楼书库/ [索取号:R714.3/5] | 在馆 | |
| 14 | 2001098857 | 2001098857 | 东辅楼二楼书库/ [索取号:R714.3/5] | 在馆 | |
| 15 | 2001098858 | 2001098858 | 东辅楼二楼书库/ [索取号:R714.3/5] | 在馆 | |
| 16 | 2001098859 | 2001098859 | 东辅楼二楼书库/ [索取号:R714.3/5] | 在馆 | |
| 17 | 2001098860 | 2001098860 | 东辅楼二楼书库/ [索取号:R714.3/5] | 在馆 | |
| 18 | 2001098861 | 2001098861 | 东辅楼二楼书库/ [索取号:R714.3/5] | 在馆 | |
| 19 | 2001098862 | 2001098862 | 东辅楼二楼书库/ [索取号:R714.3/5] | 在馆 | |
| 20 | 2001098863 | 2001098863 | 东辅楼二楼书库/ [索取号:R714.3/5] | 在馆 | |
| 21 | 2001098864 | 2001098864 | 东辅楼二楼书库/ [索取号:R714.3/5] | 在馆 | |
| 22 | 2001098865 | 2001098865 | 东辅楼二楼书库/ [索取号:R714.3/5] | 在馆 | |
| 23 | 2001098866 | 2001098866 | 东辅楼二楼书库/ [索取号:R714.3/5] | 在馆 | |
| 24 | 2001098867 | 2001098867 | 东辅楼二楼书库/ [索取号:R714.3/5] | 在馆 | |
| 25 | 2001098868 | 2001098868 | 东辅楼二楼书库/ [索取号:R714.3/5] | 在馆 | |
| 26 | 2001098869 | 2001098869 | 东辅楼二楼书库/ [索取号:R714.3/5] | 在馆 | |
| 27 | 2001098870 | 2001098870 | 东辅楼二楼书库/ [索取号:R714.3/5] | 在馆 | |
| 28 | 2001098871 | 2001098871 | 东辅楼二楼书库/ [索取号:R714.3/5] | 在馆 | |
| 29 | 2001098872 | 2001098872 | 东辅楼二楼书库/ [索取号:R714.3/5] | 在馆 | |
| 30 | 2001098873 | 2001098873 | 东辅楼二楼书库/ [索取号:R714.3/5] | 在馆 |